Welcome to the Holygrace Academy Library

Please use search bar below to get started

ICE CREAM- MACHINE (Record no. 5720)

MARC details
000 -LEADER
fixed length control field 00344nam a22001457a 4500
020 ## - INTERNATIONAL STANDARD BOOK NUMBER
ISBN 978-330-43746-2
082 ## - DEWEY DECIMAL CLASSIFICATION NUMBER
Classification number 823
Item number BER/I
100 ## - MAIN ENTRY--AUTHOR NAME
Personal name BERTAGNA, JULIE
245 ## - TITLE STATEMENT
Title ICE CREAM- MACHINE
260 ## - PUBLICATION, DISTRIBUTION, ETC. (IMPRINT)
Place of publication LONDON
Name of publisher MAC MILLAN PUBLISHERS LIMITED
Year of publication 2004
300 ## - PHYSICAL DESCRIPTION
Number of Pages 84
520 ## - SUMMARY, ETC.
Summary, etc CHILDRENS NOVEL
650 ## - SUBJECT ADDED ENTRY--TOPICAL TERM
Topical Term CHILDRENS NOVEL
942 ## - ADDED ENTRY ELEMENTS (KOHA)
Koha item type Books
Holdings
Withdrawn status Lost status Collection code Home library Current library Shelving location Date acquired Source of acquisition Full call number Accession Number Koha item type
    Fiction Main Library Main Library SHELF 15-I-CHILDREN'S STORYBOOKS 04/02/2019 Purchase 823 BER/I 10998 Books